000 01332nam a22003497a 4500
003 CHAP
005 20220329140116.0
008 971013s1988 r 00010 d
010 _a47082
011 _a48054
035 _a52198
040 _cCHAP
090 _aFolleto 11711
100 0 0 _aValencia Ramírez, Gustavo J.
_9117435
245 _aAnálisis estadístico sobre la protección en semilla almacenada de seis diferentes fungicidas bajo dos diferentes regímenes de humidificación
260 _aMéxico, D.F. :
_bUniversidad Nacional Autónoma de México. Facultad de Ciencias,
_c(1988?)
300 _a18 h.
490 _aVínculo matemático, Serie técnica e investigación
590 _aBATCH-UPD
_b10
_c20130110
_lUCH01
_h0116
590 _aBATCH-UPD
_b10
_c20130110
_lUCH01
_h2041
590 _aBATCH-UPD
_b10
_c20130409
_lUCH01
_h2108
590 _aBATCH-UPD
_b10
_c20130410
_lUCH01
_h1356
590 _aBATCH-UPD
_b10
_c20130914
_lUCH01
_h1451
590 _aCONVERSION
_b10
_c20130109
_lUCH01
_h1326
650 1 4 _aFungicidas.
_944044
650 1 4 _aSemillas
_xAlmacenamiento
_xPlagas.
_9103876
700 0 _aMendoza Ramírez, Manuel.
_974727
830 0 _aVínculo matemático, Serie técnica e investigación
_9120617
901 _aBK
942 _cFOLL
949 _aFolleto 11711
_bBC
_cFOLL
_d-116389
_eTS1
_i52198
_mD
_si
999 _c47082
_d47082